Normal view MARC view
  • Shelley ,Mary

Entry Personal Name

Number of records used in: 1

001 - CONTROL NUMBER

  • control field: 134409

003 - CONTROL NUMBER IDENTIFIER

  • control field: NUST

005 - DATE AND TIME OF LATEST TRANSACTION

  • control field: 20260512105402.0

008 - FIXED-LENGTH DATA ELEMENTS

  • fixed length control field: 260512|| aca||aabn | a|a d

040 ## - CATALOGING SOURCE

  • Original cataloging agency: NUST
  • Transcribing agency: NUST

100 ## - HEADING--PERSONAL NAME

  • Personal name: Shelley ,Mary

670 ## - SOURCE DATA FOUND

  • Source citation: Work cat.: (NUST): Shelley ,Mary , Frankenstein or the modern prometheus /, 2018
© 2023 Central Library, National University of Sciences and Technology. All Rights Reserved.